000 00803nam a22002172a 4500
003 AM-YeHGA
040 _aAM-YeHGA
090 _c441105
005 20250618075158.0
008 180612s1909 ru r 000 0 rus d
041 0 _arus
100 1 _aМилюков, Павел Николаевич
245 1 0 _aОчерки по истории русской культуры /
_cП. Милюков.
250 _a3-е изд.
260 _aСанкт-Петербург :
_bТип. М. А. Александрова,
_c1909.
300 _aЧ. ;
_c24 см.
505 0 0 _gЧ. 3, Вып. 1 (1909, V, 186 с.) :
_tНационализм и общественное мнение :
650 1 4 _aРусская культура
_xИстория
650 1 4 _aКультура
_95174
942 _2udc
_cBK
999 _c438378
_d438378